00405nam a2200157Ia 4500008004100000041000800041082001700049100001400066245003100080260004000111300000800151500003200159500002800191650001400219700001400233230125s9999 xx 000 0 und d aeng a352.002bKHU aKhutwad M aGrampanchayatichya samitya c1997bIndian Institute of Education a24p aPanchayati raj,Marathi book aEducation;Grampanchayat aEducation aKhutwad M